| 000 | 00600nam a2200121Ia 4500 | ||
|---|---|---|---|
| 008 | 220615s9999||||xx |||||||||||||| ||und|| | ||
| 245 | 0 |
_aBecoming a Scholar _bCross-cultural reflections on identity and agency in an education doctorate |
|
| 546 | _aEnglish[eng] | ||
| 650 | _ahigher education||universities||postgraduates||professional identity||sociocultural research||EdD||professional doctorate||doctorate||agency||case studies||narratives||education | ||
| 700 | _aSavva, Maria||Nygaard, Lynn P. | ||
| 856 | _uhttps://library.oapen.org/bitstream/20.500.12657/51816/1/9781787357662.pdf | ||
| 942 | _cEB | ||
| 999 |
_c10340 _d10340 |
||